00336pab a2200121 454500008004000000100002000040245007000060260000900130300001300139362001100152650001700163773003400180180718b2017 xxu||||| |||| 00| 0 eng d aBhardwaj, Atul  aIndia's opposition to China-Pakistan: economic corridor is flawed c2017 ap.10-12. a28 Jan aTrade routes aEconomic and Political Weekly